[Event "Abu Dhabi op 22nd"]
[Site "Abu Dhabi"]
[Date "2014.08.25"]
[Round "6"]
[White "Laabi Chian, Majid"]
[Black "Al Zendani, Zendan"]
[Result "1/2-1/2"]
[WhiteElo "2070"]
[BlackElo "2338"]
[PlyCount "88"]
[EventDate "2014.08.20"]
[EventType "swiss"]
[EventRounds "9"]
[EventCountry "UAE"]
[SourceTitle "CBM 162 Extra"]
[Source "ChessBase"]
[SourceDate "2014.10.17"]
[SourceVersion "1"]
[SourceVersionDate "2014.10.17"]
[SourceQuality "1"]

1. d4 Nf6 2. Bf4 e6 3. e3 d5 4. Nd2 c5 5. c3 Nc6 6. Bd3 Bd6 7. Bxd6 Qxd6 8. f4 0-0 9. Ngf3 cxd4 10. cxd4 Nb4 11. Bb1 Ng4 12. Qb3 f5 13. a3 Nc6 14. h3 Nf6 15. 0-0 Ne4 16. Bd3 b6 17. Rac1 Bb7 18. Rc2 h6 19. Rfc1 Rac8 20. Bxe4 fxe4 21. Ne5 Nxe5 22. dxe5 Qe7 23. Rxc8 Bxc8 24. Qb4 Qf7 25. Qd6 g5 26. f5 exf5 27. Rc6 f4 28. exf4 gxf4 29. Qxh6 Bf5 30. Qxf4 Qg7 31. g4 Be6 32. Qg3 Qf7 33. Rc1 Qe7 34. Rf1 Qc5+ 35. Kg2 Rxf1 36. Kxf1 d4 37. Nxe4 Qc1+ 38. Qe1 Bc4+ 39. Kf2 Qf4+ 40. Kg1 Qxe5 41. g5 Kg7 42. Qh4 Qe6 43. Qh6+ Qxh6 44. gxh6+ Kxh6 1/2-1/2

[Event "Abu Dhabi op 22nd"]
[Site "Abu Dhabi"]
[Date "2014.08.24"]
[Round "5"]
[White "Marwan, Abdulwahab"]
[Black "Laabi Chian, Majid"]
[Result "0-1"]
[WhiteElo "2070"]
[BlackElo "2070"]
[PlyCount "72"]
[EventDate "2014.08.20"]
[EventType "swiss"]
[EventRounds "9"]
[EventCountry "UAE"]
[SourceTitle "CBM 162 Extra"]
[Source "ChessBase"]
[SourceDate "2014.10.17"]
[SourceVersion "1"]
[SourceVersionDate "2014.10.17"]
[SourceQuality "1"]

1. e4 d6 2. d4 Nf6 3. Nc3 g6 4. f4 Bg7 5. Nf3 0-0 6. e5 Nfd7 7. Be2 c5 8. exd6 exd6 9. dxc5 dxc5 10. 0-0 Nc6 11. Kh1 Nd4 12. Be3 Nb6 13. Qd2 Bf5 14. Bxd4 cxd4 15. Nb5 d3 16. cxd3 Qd7 17. Nc3 Rad8 18. Rad1 Rfe8 19. Rfe1 Bh6 20. Bf1 Qc7 21. Rxe8+ Rxe8 22. g3 Rd8 23. Qe3 Bg7 24. Nb5 Qd7 25. Nc3 Qd6 26. Rd2 Bg4 27. Ne4 Qd5 28. h3 Bxf3+ 29. Qxf3 Qxa2 30. Nc5 Nc4 31. Rg2 Nxb2 32. Qxb7 Qa3 33. Qc7 Re8 34. Re2 Rxe2 35. Qc8+ Bf8 36. Bxe2 Qxc5 0-1

[Event "Abu Dhabi op 22nd"]
[Site "Abu Dhabi"]
[Date "2014.08.21"]
[Round "2"]
[White "Laabi Chian, Majid"]
[Black "Fenil, Shah"]
[Result "1/2-1/2"]
[WhiteElo "2070"]
[BlackElo "2286"]
[PlyCount "104"]
[EventDate "2014.08.20"]
[EventType "swiss"]
[EventRounds "9"]
[EventCountry "UAE"]
[SourceTitle "CBM 162 Extra"]
[Source "ChessBase"]
[SourceDate "2014.10.17"]
[SourceVersion "1"]
[SourceVersionDate "2014.10.17"]
[SourceQuality "1"]

1. d4 d5 2. Bf4 Nf6 3. Nf3 c5 4. c3 Qb6 5. Qb3 Nc6 6. e3 c4 7. Qc2 Bf5 8. Qc1 e6 9. Nbd2 Qd8 10. Be2 Be7 11. 0-0 h6 12. Re1 0-0 13. Bd1 b5 14. Bc2 Bxc2 15. Qxc2 Nh5 16. Ne5 Nxe5 17. Bxe5 f6 18. Bg3 f5 19. Be5 Qe8 20. f3 Qg6 21. Kh1 Qh7 22. b3 cxb3 23. axb3 a5 24. Qd3 b4 25. c4 f4 26. e4 Nf6 27. cxd5 Nxd5 28. Nc4 Bd8 29. Qd2 Nc3 30. Bxf4 Rf7 31. Ne5 Rb7 32. Qd3 g5 33. Bd2 Rc8 34. Nc4 Rd7 35. Bxc3 bxc3 36. Qxc3 Bb6 37. Rad1 Qg7 38. e5 Rd5 39. Qe3 Qa7 40. Qe4 Kg7 41. Nd6 Rd8 42. Qg4 Qe7 43. Re4 Bc7 44. Nc4 Rb5 45. f4 Rxb3 46. fxg5 hxg5 47. Rf1 Rf8 48. Rfe1 a4 49. Nd2 Rb2 50. Nf3 Bd8 51. d5 a3 52. d6 Qf7 1/2-1/2

[Event "Al Ain op 2nd"]
[Site "Al Ain"]
[Date "2013.12.26"]
[Round "7"]
[White "Bakalar, Jan"]
[Black "Laabi Chian, Majid"]
[Result "1/2-1/2"]
[WhiteElo "2033"]
[BlackElo "2092"]
[PlyCount "25"]
[EventDate "2013.12.19"]
[EventType "swiss"]
[EventRounds "9"]
[EventCountry "UAE"]
[SourceTitle "CBM 158 Extra"]
[Source "ChessBase"]
[SourceDate "2014.02.28"]
[SourceVersion "1"]
[SourceVersionDate "2014.02.28"]
[SourceQuality "1"]

1. Nf3 d6 2. e4 e5 3. Bc4 Be7 4. d3 Nf6 5. Nc3 0-0 6. h3 c6 7. Bb3 a5 8. a4 Na6 9. Be3 Nd7 10. 0-0 Ndc5 11. Bc4 Be6 12. Bxe6 Nxe6 13. d4 1/2-1/2

[Event "Al Ain op 2nd"]
[Site "Al Ain"]
[Date "2013.12.24"]
[Round "6"]
[White "Laabi Chian, Majid"]
[Black "Khadzh Khamed, Naser"]
[Result "1-0"]
[WhiteElo "2092"]
[BlackElo "2022"]
[PlyCount "131"]
[EventDate "2013.12.19"]
[EventType "swiss"]
[EventRounds "9"]
[EventCountry "UAE"]
[SourceTitle "CBM 158 Extra"]
[Source "ChessBase"]
[SourceDate "2014.02.28"]
[SourceVersion "1"]
[SourceVersionDate "2014.02.28"]
[SourceQuality "1"]

1. d4 d5 2. Bf4 Nf6 3. e3 e6 4. Bd3 c5 5. c3 Nc6 6. Nd2 Bd6 7. Bxd6 Qxd6 8. f4 0-0 9. Ngf3 b6 10. a3 Bb7 11. Ne5 Qe7 12. 0-0 Nxe5 13. fxe5 Nd7 14. Qh5 f5 15. exf6 Nxf6 16. Qh4 Rae8 17. Nf3 g6 18. Ne5 Nd7 19. Rxf8+ Nxf8 20. Qg3 Qg7 21. Rf1 Re7 22. Rf3 c4 23. Bc2 Ba6 24. h3 Bb5 25. e4 Be8 26. Qg5 h6 27. Qg3 g5 28. Ng4 Bg6 29. Qf2 dxe4 30. Nf6+ Kh8 31. Bxe4 Rf7 32. Bxg6 Nxg6 33. Nh5 Rxf3 34. Qxf3 Qe7 35. Qe4 Qf7 36. g3 b5 37. d5 exd5 38. Qd4+ Kg8 39. Nf6+ Kf8 40. Nxd5 Qf3 41. Qf2 Qxf2+ 42. Kxf2 Ne5 43. Ke3 Nd3 44. b4 Ne1 45. Kd2 Nf3+ 46. Ke3 Ne1 47. Kd2 Nf3+ 48. Ke2 Ng1+ 49. Ke3 Nxh3 50. Nc7 h5 51. Nxb5 h4 52. Nxa7 hxg3 53. Kf3 Nf4 54. Nb5 g2 55. Kf2 Ke7 56. a4 Kd7 57. Nd4 Kc8 58. a5 Kb8 59. b5 Kb7 60. Kg1 Kc7 61. b6+ Kb7 62. Nb5 Ka6 63. Kh2 Kb7 64. Nd6+ Kb8 65. Ne4 Kb7 66. Nc5+ 1-0

[Event "Al Ain op 2nd"]
[Site "Al Ain"]
[Date "2013.12.21"]
[Round "3"]
[White "Nameer, Noor Al Deen"]
[Black "Laabi Chian, Majid"]
[Result "1-0"]
[WhiteElo "2246"]
[BlackElo "2092"]
[PlyCount "57"]
[EventDate "2013.12.19"]
[EventType "swiss"]
[EventRounds "9"]
[EventCountry "UAE"]
[SourceTitle "CBM 158 Extra"]
[Source "ChessBase"]
[SourceDate "2014.02.28"]
[SourceVersion "1"]
[SourceVersionDate "2014.02.28"]
[SourceQuality "1"]

1. Nf3 Nf6 2. c4 c6 3. Nc3 d5 4. d4 e6 5. g3 Nbd7 6. Bg2 Be7 7. 0-0 0-0 8. Qc2 Re8 9. Rd1 Bf8 10. b3 Bb4 11. Bd2 Bxc3 12. Bxc3 Ne4 13. Bb2 f5 14. Rac1 Rf8 15. Ne1 Ndf6 16. Nd3 Bd7 17. Ne5 Rc8 18. Qd3 Ne8 19. f3 N4d6 20. e4 fxe4 21. fxe4 dxe4 22. Bxe4 Nxe4 23. Qxe4 Qe7 24. Ba3 Nd6 25. Qg4 g5 26. Bxd6 Qxd6 27. Qxg5+ Kh8 28. Rd3 Rf5 29. Qxf5 1-0

[Event "Troya op 21st"]
[Site "Canakkale"]
[Date "2013.08.23"]
[Round "8"]
[White "Laabi Chian, Majid"]
[Black "Duman, Aydin"]
[Result "0-1"]
[WhiteElo "2107"]
[BlackElo "2271"]
[PlyCount "56"]
[EventDate "2013.08.17"]
[EventType "swiss"]
[EventRounds "9"]
[EventCountry "TUR"]
[SourceTitle "CBM 156 Extra"]
[Source "ChessBase"]
[SourceDate "2013.10.22"]
[SourceVersion "1"]
[SourceVersionDate "2013.10.22"]
[SourceQuality "1"]

1. d4 d6 2. e4 Nf6 3. Nc3 e5 4. Nf3 Nbd7 5. Be2 Be7 6. 0-0 c6 7. h3 b5 8. a3 Bb7 9. Re1 a5 10. Bd3 0-0 11. Ne2 d5 12. dxe5 Nxe4 13. c3 f6 14. exf6 Rxf6 15. Ng3 Nxg3 16. fxg3 Bd6 17. Bg5 Qb6+ 18. Nd4 c5 19. Bxf6 Nxf6 20. Nf5 c4+ 21. Kh1 cxd3 22. Re6 Ne4 23. Rxe4 dxe4 24. Qg4 Be5 25. Rf1 Kh8 26. Ne7 Bf6 27. Qd7 Rd8 28. Rxf6 gxf6 0-1

[Event "Troya op 21st"]
[Site "Canakkale"]
[Date "2013.08.19"]
[Round "4"]
[White "Laabi Chian, Majid"]
[Black "Can, Isik"]
[Result "1-0"]
[WhiteElo "2107"]
[BlackElo "1683"]
[PlyCount "55"]
[EventDate "2013.08.17"]
[EventType "swiss"]
[EventRounds "9"]
[EventCountry "TUR"]
[SourceTitle "CBM 156 Extra"]
[Source "ChessBase"]
[SourceDate "2013.10.22"]
[SourceVersion "1"]
[SourceVersionDate "2013.10.22"]
[SourceQuality "1"]

1. d4 Nf6 2. Nf3 e6 3. Bf4 d5 4. e3 c5 5. c3 Nc6 6. Nbd2 Bd6 7. Bg3 0-0 8. Bd3 Re8 9. Ne5 Bxe5 10. dxe5 Nd7 11. f4 c4 12. Bc2 Qb6 13. Bf2 Qxb2 14. Rc1 Qxa2 15. 0-0 Qa5 16. Nf3 h6 17. g4 Nf8 18. h4 Ne7 19. h5 Kh8 20. Nd4 Nh7 21. Kh2 Qd8 22. Bh4 Bd7 23. Bb1 Qb6 24. Qc2 Nf8 25. Rg1 Ng8 26. g5 a5 27. gxh6 Nxh6 28. Qg2 1-0

[Event "Benidorm op U2300 07th"]
[Site "Benidorm"]
[Date "2008.11.30"]
[Round "2"]
[White "Uribe Arteaga, Daniel"]
[Black "Laabi Chian, Majid"]
[Result "1-0"]
[WhiteElo "2272"]
[BlackElo "2116"]
[PlyCount "61"]
[EventDate "2008.11.29"]
[EventType "swiss"]
[EventRounds "9"]
[EventCountry "ESP"]
[SourceTitle "CBM 127 Extra"]
[Source "ChessBase"]
[SourceDate "2009.01.08"]
[SourceVersion "2"]
[SourceVersionDate "2009.01.28"]
[SourceQuality "1"]

1. e4 d6 2. d4 Nf6 3. Nc3 g6 4. Nf3 Bg7 5. g3 0-0 6. Bg2 c5 7. 0-0 a6 8. dxc5 dxc5 9. e5 Ng4 10. Qe2 Nc6 11. Bf4 Qb6 12. Nd5 Qxb2 13. Rfb1 Qa3 14. Nb6 Rb8 15. Rb3 Qa5 16. Bd2 Nb4 17. Nxc8 Rfxc8 18. a3 Qa4 19. Qe4 h5 20. Rd1 a5 21. axb4 axb4 22. Bh3 Qa2 23. Rc1 Rd8 24. Bxg4 hxg4 25. Qxg4 b5 26. e6 Rb6 27. exf7+ Kxf7 28. Ng5+ Ke8 29. Ne6 Rxe6 30. Qxe6 Rxd2 31. Qxg6+ 1-0